عرض عادي عرض مارك
  • Andreescu, Titu,

مدخل إسم شخص

عدد التسجيلات المستخدمة في: 1

001 - رقم الضبط

  • حقل الضبط: 42547

003 - معرف رقم الضبط

  • حقل الضبط: OSt

005 - تاريخ ووقت أخر عملية

  • حقل الضبط: 20140127190919.0

008 - عناصر بيانات ثابتة الطول

  • حقل تحكم ثابت الطول: 140127|||a|||||| | ||| d

040 ## - مصدر الفهرسة

  • هيئة الفهرسة الأصلية: OSt
  • وكالة الكتابة: OSt

100 ## - مدخل -- أسم شخص

  • إسم شخص: Andreescu, Titu,
  • تواريخ مرتبطة بالاسم: 1956-

670 ## - بيانات المصدر موجوده

  • الاستشهاد بالمصدر: Work cat.: (OSt)0: Savchev, Svetoslav. 42545, Mathematical miniatures /, c2003.